<?xml version="1.0" encoding="UTF-8"?>
<record
    xmlns:xsi="http://www.w3.org/2001/XMLSchema-instance"
    xsi:schemaLocation="http://www.loc.gov/MARC21/slim http://www.loc.gov/standards/marcxml/schema/MARC21slim.xsd"
    xmlns="http://www.loc.gov/MARC21/slim">

  <leader>00928nam a22002537a 4500</leader>
  <controlfield tag="005">20180207112914.0</controlfield>
  <datafield tag="010" ind1=" " ind2=" ">
    <subfield code="a">1718EN-30   ENG-121889</subfield>
  </datafield>
  <datafield tag="020" ind1=" " ind2=" ">
    <subfield code="a">9789332579446</subfield>
    <subfield code="c">679.00</subfield>
  </datafield>
  <datafield tag="035" ind1=" " ind2=" ">
    <subfield code="a">EN-105421</subfield>
  </datafield>
  <datafield tag="035" ind1=" " ind2=" ">
    <subfield code="a">B-684202-207</subfield>
  </datafield>
  <datafield tag="037" ind1=" " ind2=" ">
    <subfield code="b">BSB</subfield>
    <subfield code="a">dpl</subfield>
  </datafield>
  <datafield tag="037" ind1=" " ind2=" ">
    <subfield code="b">DBAD/PUB</subfield>
  </datafield>
  <datafield tag="082" ind1=" " ind2=" ">
    <subfield code="a">150</subfield>
  </datafield>
  <datafield tag="100" ind1=" " ind2=" ">
    <subfield code="a">Ciccarelli, Saundra K. </subfield>
  </datafield>
  <datafield tag="245" ind1=" " ind2=" ">
    <subfield code="a">Psychology /</subfield>
    <subfield code="c">by Saundra K. Ciccarelli [and] J.Noland White</subfield>
  </datafield>
  <datafield tag="250" ind1=" " ind2=" ">
    <subfield code="a">4th ed</subfield>
  </datafield>
  <datafield tag="260" ind1=" " ind2=" ">
    <subfield code="c">2017</subfield>
    <subfield code="a">Noida </subfield>
    <subfield code="b">Pearson India</subfield>
  </datafield>
  <datafield tag="270" ind1=" " ind2=" ">
    <subfield code="a">15th Floor,, Tower-B, World Trade, Plot No.1, Block-C, Sector-16,</subfield>
    <subfield code="b">Noida </subfield>
    <subfield code="e">201301</subfield>
  </datafield>
  <datafield tag="300" ind1=" " ind2=" ">
    <subfield code="c">25cm(pbk)</subfield>
    <subfield code="a">784p. :</subfield>
    <subfield code="b">ill.</subfield>
  </datafield>
  <datafield tag="500" ind1=" " ind2=" ">
    <subfield code="a">Includes bibliographical references and  index</subfield>
  </datafield>
  <datafield tag="700" ind1=" " ind2=" ">
    <subfield code="a">White, J.Noland</subfield>
  </datafield>
  <datafield tag="942" ind1=" " ind2=" ">
    <subfield code="c">EN</subfield>
    <subfield code="2">ddc</subfield>
    <subfield code="m">CIC</subfield>
    <subfield code="h">150</subfield>
  </datafield>
  <datafield tag="999" ind1=" " ind2=" ">
    <subfield code="c">144308</subfield>
    <subfield code="d">144308</subfield>
  </datafield>
  <datafield tag="952" ind1=" " ind2=" ">
    <subfield code="0">0</subfield>
    <subfield code="1">0</subfield>
    <subfield code="4">0</subfield>
    <subfield code="7">0</subfield>
    <subfield code="8">NFIC</subfield>
    <subfield code="a">AV</subfield>
    <subfield code="b">AV</subfield>
    <subfield code="d">2017-12-14</subfield>
    <subfield code="e">DBAD/PUB</subfield>
    <subfield code="g">650.00</subfield>
    <subfield code="l">7</subfield>
    <subfield code="m">1</subfield>
    <subfield code="o">150 CIC</subfield>
    <subfield code="p">EN-105421</subfield>
    <subfield code="q">2026-06-30</subfield>
    <subfield code="r">2026-06-16 12:00:19</subfield>
    <subfield code="s">2026-06-16</subfield>
    <subfield code="t">1</subfield>
    <subfield code="v">650.00</subfield>
    <subfield code="y">EN</subfield>
  </datafield>
  <datafield tag="952" ind1=" " ind2=" ">
    <subfield code="0">0</subfield>
    <subfield code="1">0</subfield>
    <subfield code="4">0</subfield>
    <subfield code="7">0</subfield>
    <subfield code="8">NFIC</subfield>
    <subfield code="a">BL4</subfield>
    <subfield code="b">BL4</subfield>
    <subfield code="d">2018-02-07</subfield>
    <subfield code="e">BSB/299/1.12.2017/BPPB/EN/2017-18/641/20.11.17/14.12.2017</subfield>
    <subfield code="g">679.00</subfield>
    <subfield code="l">27</subfield>
    <subfield code="m">24</subfield>
    <subfield code="o">150 CIC</subfield>
    <subfield code="p">B-684202</subfield>
    <subfield code="r">2021-11-26 00:00:00</subfield>
    <subfield code="s">2021-11-26</subfield>
    <subfield code="t">1</subfield>
    <subfield code="v">679.00</subfield>
    <subfield code="y">EN</subfield>
  </datafield>
  <datafield tag="952" ind1=" " ind2=" ">
    <subfield code="0">0</subfield>
    <subfield code="1">0</subfield>
    <subfield code="4">0</subfield>
    <subfield code="7">0</subfield>
    <subfield code="8">NFIC</subfield>
    <subfield code="a">AV</subfield>
    <subfield code="b">AV</subfield>
    <subfield code="d">2018-02-07</subfield>
    <subfield code="e">BSB/299/1.12.2017/BPPB/EN/2017-18/641/20.11.17/14.12.2017</subfield>
    <subfield code="g">679.00</subfield>
    <subfield code="l">31</subfield>
    <subfield code="m">16</subfield>
    <subfield code="o">150 CIC</subfield>
    <subfield code="p">B-684203</subfield>
    <subfield code="r">2024-09-25 00:00:00</subfield>
    <subfield code="s">2024-09-20</subfield>
    <subfield code="t">1</subfield>
    <subfield code="v">679.00</subfield>
    <subfield code="y">EN</subfield>
  </datafield>
  <datafield tag="952" ind1=" " ind2=" ">
    <subfield code="0">0</subfield>
    <subfield code="1">0</subfield>
    <subfield code="4">0</subfield>
    <subfield code="7">0</subfield>
    <subfield code="8">NFIC</subfield>
    <subfield code="a">BL1</subfield>
    <subfield code="b">BL1</subfield>
    <subfield code="d">2018-02-07</subfield>
    <subfield code="e">BSB/299/1.12.2017/BPPB/EN/2017-18/641/20.11.17/14.12.2017</subfield>
    <subfield code="g">679.00</subfield>
    <subfield code="l">32</subfield>
    <subfield code="m">25</subfield>
    <subfield code="o">150 CIC</subfield>
    <subfield code="p">B-684204</subfield>
    <subfield code="q">2026-07-11</subfield>
    <subfield code="r">2026-06-27 11:01:24</subfield>
    <subfield code="s">2026-06-27</subfield>
    <subfield code="t">1</subfield>
    <subfield code="v">679.00</subfield>
    <subfield code="y">EN</subfield>
  </datafield>
  <datafield tag="952" ind1=" " ind2=" ">
    <subfield code="0">0</subfield>
    <subfield code="1">0</subfield>
    <subfield code="4">0</subfield>
    <subfield code="7">0</subfield>
    <subfield code="8">NFIC</subfield>
    <subfield code="a">JP</subfield>
    <subfield code="b">JP</subfield>
    <subfield code="d">2018-02-07</subfield>
    <subfield code="e">BSB/299/1.12.2017/BPPB/EN/2017-18/641/20.11.17/14.12.2017</subfield>
    <subfield code="g">679.00</subfield>
    <subfield code="l">36</subfield>
    <subfield code="m">19</subfield>
    <subfield code="o">150 CIC</subfield>
    <subfield code="p">B-684205</subfield>
    <subfield code="r">2026-06-01 10:49:44</subfield>
    <subfield code="s">2026-05-14</subfield>
    <subfield code="t">1</subfield>
    <subfield code="v">679.00</subfield>
    <subfield code="y">EN</subfield>
  </datafield>
  <datafield tag="952" ind1=" " ind2=" ">
    <subfield code="0">0</subfield>
    <subfield code="1">0</subfield>
    <subfield code="4">0</subfield>
    <subfield code="7">0</subfield>
    <subfield code="8">NFIC</subfield>
    <subfield code="a">NR</subfield>
    <subfield code="b">NR</subfield>
    <subfield code="d">2018-02-07</subfield>
    <subfield code="e">BSB/299/1.12.2017/BPPB/EN/2017-18/641/20.11.17/14.12.2017</subfield>
    <subfield code="g">679.00</subfield>
    <subfield code="l">2</subfield>
    <subfield code="m">1</subfield>
    <subfield code="o">150 CIC</subfield>
    <subfield code="p">B-684206</subfield>
    <subfield code="r">2026-06-23 16:12:57</subfield>
    <subfield code="s">2026-06-05</subfield>
    <subfield code="t">1</subfield>
    <subfield code="v">679.00</subfield>
    <subfield code="y">EN</subfield>
  </datafield>
  <datafield tag="952" ind1=" " ind2=" ">
    <subfield code="0">0</subfield>
    <subfield code="1">0</subfield>
    <subfield code="4">0</subfield>
    <subfield code="7">0</subfield>
    <subfield code="8">NFIC</subfield>
    <subfield code="a">BN</subfield>
    <subfield code="b">BN</subfield>
    <subfield code="d">2018-02-07</subfield>
    <subfield code="e">BSB/299/1.12.2017/BPPB/EN/2017-18/641/20.11.17/14.12.2017</subfield>
    <subfield code="g">679.00</subfield>
    <subfield code="l">26</subfield>
    <subfield code="m">6</subfield>
    <subfield code="o">150 CIC</subfield>
    <subfield code="p">B-684207</subfield>
    <subfield code="r">2026-05-27 12:00:45</subfield>
    <subfield code="s">2025-12-26</subfield>
    <subfield code="t">1</subfield>
    <subfield code="v">679.00</subfield>
    <subfield code="y">EN</subfield>
  </datafield>
</record>
